|
|
|
|
| LEADER |
01296nam a22003137a 4500 |
| 001 |
40869 |
| 003 |
BD-DhAAL |
| 005 |
20230213120049.0 |
| 008 |
230212t2020 sz a|||| |||| 00| 0 eng d |
| 020 |
|
|
|a 9782940631124
|
| 040 |
|
|
|a BD-DhAAL
|d BD-DhAAL
|
| 082 |
|
|
|a 362.1962414
|2 23
|
| 100 |
|
|
|a Schwab, Klaus.
|9 53624
|
| 245 |
|
|
|a COVID-19 :
|b the great reset /
|c Klaus Schwab and Thierry Malleret
|
| 260 |
|
|
|a Cologny/Geneva, Switzerland :
|b World Economic Forum,
|c 2020
|
| 300 |
|
|
|a 280 pages :
|b illustrations ;
|c 22 cm.
|
| 526 |
|
|
|a Refugee studies unit (RSU), CPJ.
|
| 541 |
|
|
|a Development Book Agency
|e 40869
|
| 650 |
|
|
|a COVID-19 (Disease).
|
| 650 |
|
|
|a COVID-19 (Disease)
|x Economic aspects.
|9 53619
|
| 650 |
|
|
|a COVID-19 (Disease)
|z United States.
|9 53619
|
| 650 |
|
|
|a COVID-19 (Disease)
|x Environmental aspects
|9 53620
|
| 650 |
|
|
|a COVID-19 (Disease)
|x Religious aspects.
|9 53635
|
| 650 |
|
|
|a COVID-19 (Disease)
|x Political aspects.
|9 53621
|
| 650 |
|
|
|a COVID-19 (Disease)
|x Psychological aspects.
|9 53622
|
| 700 |
|
|
|a Malleret, Thierry,
|d 1961-
|9 53623
|
| 942 |
|
|
|2 ddc
|c BK
|
| 999 |
|
|
|c 45218
|d 45218
|
| 952 |
|
|
|0 0
|1 0
|2 ddc
|4 0
|6 362_196241400000000_SCH
|7 0
|9 73020
|a CPJ
|b CPJ
|c RSU
|d 2023-01-16
|e Development Book Agency
|g 5000.00
|l 0
|o 362.1962414 SCH
|p 3030040869
|r 2023-01-16
|t 1
|v 5000.00
|w 2023-01-16
|y BK
|